The Palgrave handbook of international development /

Bibliographic Details
Other Authors: Grugel, Jean, (Editor), Hammett, Daniel, (Editor)
Format: eBook
Language:English
Published: London, [England] : Palgrave Macmillan, 2016.
Series:Palgrave Handbooks
Subjects:
Online Access:Click to View
LEADER 01813nam a2200445 i 4500
001 EBC4720055
003 MiAaPQ
005 20200520144314.0
006 m o d |
007 cr cnu||||||||
008 161027t20162016enka ob 001 0 eng d
020 |z 9781137427236 
020 |a 9781137427243 (e-book) 
035 |a (MiAaPQ)EBC4720055 
035 |a (Au-PeEL)EBL4720055 
035 |a (CaPaEBR)ebr11285129 
035 |a (OCoLC)951678396 
040 |a MiAaPQ  |b eng  |e rda  |e pn  |c MiAaPQ  |d MiAaPQ 
050 4 |a HD82  |b .P354 2016 
082 0 |a 338.91  |2 23 
245 0 4 |a The Palgrave handbook of international development /  |c Jean Grugel, Daniel Hammett, editors. 
264 1 |a London, [England] :  |b Palgrave Macmillan,  |c 2016. 
264 4 |c 2016 
300 |a 1 online resource (781 pages) :  |b illustrations, tables. 
336 |a text  |2 rdacontent 
337 |a computer  |2 rdamedia 
338 |a online resource  |2 rdacarrier 
490 0 |a Palgrave Handbooks 
504 |a Includes bibliographical references at the end of each chapters and index. 
588 |a Description based on print version record. 
590 |a Electronic reproduction. Ann Arbor, MI : ProQuest, 2016. Available via World Wide Web. Access may be limited to ProQuest affiliated libraries. 
650 0 |a Economic development. 
650 0 |a Commercial policy. 
650 0 |a International trade. 
655 4 |a Electronic books. 
700 1 |a Grugel, Jean,  |e editor. 
700 1 |a Hammett, Daniel,  |e editor. 
776 0 8 |i Print version:  |t Palgrave handbook of international development.  |d London, [England] : Palgrave Macmillan, c2016   |h xxxiii, 774 pages   |k Palgrave Handbooks.  |z 9781137427236   |w 2016938062 
797 2 |a ProQuest (Firm) 
856 4 0 |u https://ebookcentral.proquest.com/lib/matrademy/detail.action?docID=4720055  |z Click to View